• 首页
  • 本馆介绍
  • 公告通知
  • 最新文献
  • 馆藏检索
  • 电子资源
  • 读者导购
  • 参考咨询
  • 我的图书馆
  • 登录
  • 详细信息显示
  • 放入我的书架
  • 预约/预借图书
  • 作者相关作品
  • 分类相关作品
  • 丛书相关作品
  • 出版社相关作品

书目信息

  • 表格格式
  • 工作单格式
  • 卡片格式
题名:
先进刀具
    
 
作者: ;成都工具研究所 编
分册: 第一集  
出版信息: 北京   机械工业出版社  1974
页数: 228页
开本: 20cm
丛书名:
单 册:
中图分类: TG71
科图分类:
主题词: 刀具(金属切削)
电子资源:
ISBN:
000 00592nam0 2200205 450
001 0638625212
005 20060429104552.76
010    @dCNY0.52
100    @a20060429d1974 km y0chiy0120 ea
101 0  @achi
102    @aCN@b110000
200 1  @a先进刀具@Axian jin dao ju@h第一集@f成都工具研究所编@Fcheng du gong ju yan jiu suo bian
205    @a2版@b修订本
210    @a北京@c机械工业出版社@d1974
215 1  @a228页@d20cm
606 0  @a刀具(金属切削)
690    @aTG71@v4
711  0 @a成都工具研究所@Acheng du gong ju yan jiu suo@4编
801  0 @aCN@bPFT@c20060429
905    @a10447@dTG71@e1
    
    先进刀具.第一集/成都工具研究所编.-2版,修订本.-北京:机械工业出版社,1974
    228页;20cm
    
    
    ISBN :CNY0.52
    
●
相关链接 在E读中查询图书 在五车中查询图书 在当当中查询图书 在豆瓣中查询图书


正题名:先进刀具     索取号:TG71/1         预约/预借

序号 登录号 条形码 馆藏地/架位号 状态 备注
1 0003120   202304032   密集书库/ [索取号:TG71/1] 在馆    
2 0003121   202304023   密集书库/ [索取号:TG71/1] 在馆    
唐山师范学院图书馆 欢迎您!
大连网信软件有限公司© 版权所有